Normal view
MARC view
Entry Personal Name
001 - CONTROL NUMBER
- control field: 1236582
003 - CONTROL NUMBER IDENTIFIER
- control field: OSt
005 - DATE AND TIME OF LATEST TRANSACTION
- control field: 20260430150136.0
008 - FIXED-LENGTH DATA ELEMENTS
- fixed length control field: 260430|| aca||aabn | a|a d
040 ## - CATALOGING SOURCE
- Original cataloging agency: OSt
- Transcribing agency: OSt
100 ## - HEADING--PERSONAL NAME
- Personal name: Rana Pooja Au.; Sharma R.K. Gu
670 ## - SOURCE DATA FOUND
- Source citation: Work cat.: (OSt)1849053: Rana Pooja Au.; Sharma R.K. Gu., Visible Light Mediated Cross Dehydrogenative Coupling, C-H Arylation, Cyanation and CO2 Capture via the Design and Development of Surface Engineered Nanosized Photocatalysts, 2022
